La urgencia de la ética y el derecho.
Saved in:
| Hovedforfatter: | |
|---|---|
| Format: | Ukendt |
| Sprog: | engelsk |
| Udgivet: |
Bogotá, D.C., Colombia:
Pontificia Universidad Javeriana,
2011.
|
| Udgivelse: | Primera edición. |
| Serier: | Religión, Cultura y Sociedad,
|
| Fag: | |
| Online adgang: | DIsponible Online desde Pontificia Universidad Javeriana. |
| Tags: |
Tilføj Tag
Ingen Tags, Vær først til at tagge denne postø!
|
MARC
| LEADER | 00000 a2200000 4500 | ||
|---|---|---|---|
| 003 | CL-VaPUC | ||
| 005 | 20231031094802.0 | ||
| 008 | 230417t2011 ||||| |||| 00| 0 eng d | ||
| 999 | |c 439729 |d 439727 | ||
| 020 | |a 978-958-716-407-7 | ||
| 040 | |c Pontificia Universidad Católica de Valparaíso | ||
| 082 | |2 22 |a 241.621 NOV 2011 | ||
| 100 | |a Novoa Matallana, Carlos, |c Sacerdote Jesuita (S.J.) |e autor |9 879265 | ||
| 245 | |a La urgencia de la ética y el derecho. | ||
| 250 | |a Primera edición. | ||
| 260 | |a Bogotá, D.C., Colombia: |b Pontificia Universidad Javeriana, |c 2011. | ||
| 300 | |a 259 páginas. | ||
| 490 | |a Religión, Cultura y Sociedad, |n 34. | ||
| 583 | |k GC |c 20230417 | ||
| 650 | 0 | |a Ética cristiana |v Aspectos filosóficos |x Problemas actuales |z Colombia |9 308677 | |
| 650 | 0 | |9 255799 |a Etica política |x Cristianismo |z Colombia | |
| 650 | 0 | |9 255614 |a Homosexualidad |v Análisis ético |x Aspectos religiosos y políticos |x Cristianismo | |
| 856 | |u https://repository.javeriana.edu.co/bitstream/handle/10554/38886/La%20urgencia%20de%20la%20ética%20y%20el%20derecho_web.pdf?sequence=4&isAllowed=y |y DIsponible Online desde Pontificia Universidad Javeriana. | ||
| 942 | |2 ddc |c BK | ||
| 952 | |0 0 |1 0 |2 ddc |4 0 |6 241_621000000000000_NOV_2011 |7 0 |8 A |9 589474 |a BIBTEO |b BIBTEO |c GEN |d 2023-04-05 |e 178 |g 9953.29 |i 5656990 |o 241.621 NOV 2011 |p 5656990 |r 2025-01-17 |t 1 |v 9953.29 |w 2023-04-05 |y BK |k ICR | ||